Word Ladder: NATO Alphabet Quiz Stats

 Plays Quiz Updated Aug 20, 2013

Support Sporcle.
Go Orange.
Score 0/35 Timer 03:00
1 Play Today
Clue 4-Letter Word % Correct
End someone's lifeKILL
94.7%
Mixture of black and whiteGRAY
94.7%
Green citrus fruitLIME
94.6%
The Dalai ___LAMA
94%
↠ Radiation type used to 'photograph' bone↠ X-RAY
93.8%
Respiratory organ in fishGILL
93.7%
↠ Capital city of Peru↠ LIMA
93.5%
Au, to a chemistGOLD
93.5%
↠ Phil Mickelson's sport↠ GOLF
93.2%
5,280 feetMILE
93%
↠ A unit of 1000 grams↠ KILO
92%
A Facebook thumbs upLIKE
90.9%
Coastal aquatic birdGULL
89.2%
↠ Actor Myers or Connors↠ MIKE
89.1%
A cougar or sportswear companyPUMA
87.8%
↠ Mama's mate↠ PAPA
87.5%
Tonkin, Mexico or Persian, e.g.GULF
87.4%
A storyTALE
86.4%
Clue 4-Letter Word % Correct
Diploma holder, for shortGRAD
85.8%
Light sourceLAMP
85%
Actor Ventimiglia of 'Heroes'MILO
84.7%
With great heightTALL
84.4%
California wine valleyNAPA
83.1%
No longer sharpDULL
82.7%
The back of the neckNAPE
82.5%
Urge someone onGOAD
82.3%
Repairer of paper ripsTAPE
82%
Gas or petrol delivererPUMP
81.9%
William, who shot an appleTELL
81.7%
Insect life stage after larvaPUPA
81.7%
Result of a bonk on the headLUMP
81.6%
Texas-based computer companyDELL
81%
Soothe or cause to restLULL
59.1%
'To Sir with Love' singerLULU
46.3%
↠ A Bantu tribe of Natal↠ ZULU
43.4%

Today's Daily Dose

Missing Word
'80s Musicals

Word Ladder
Hereditary

Get the Picture
Food Names

From the Vault

Words in Capitals

by LTH

Hidden words in capital cities? This could be the inspiration for the next Nicolas Cage movie.
Remove Ads.
Support Sporcle.
Get the best of Sporcle when you Go Orange. This ad-free experience offers more features, more stats, and more fun while also helping to support Sporcle. Thank you for becoming a member.

Show Comments

Extras

Top Quizzes Today


Score Distribution

Your Account Isn't Verified!

In order to create a playlist on Sporcle, you need to verify the email address you used during registration. Go to your Sporcle Settings to finish the process.

Report this User

Report this user for behavior that violates our Community Guidelines.

Details: